| 000 | 00348nam a22001457a 4500 | ||
|---|---|---|---|
| 020 | _a978-1-292-45954-7 | ||
| 082 | _a332.1 | ||
| 100 | _aMishkin, Frederic S. | ||
| 245 | _aFinancial Markets and Institutions | ||
| 250 | _a10th | ||
| 260 |
_aHarlow: _bPearson, _c2024 |
||
| 300 | _a637p.: ill.; 26cm | ||
| 700 | _aEakins, Stanley G. | ||
| 942 | _cBK | ||
| 999 |
_c22187 _d22187 |
||